LEADER 01214nam a2200289 u 4500 001 000000057017 003 CaOOAMICUS 005 20070226120534.0 008 010426s1993 it u000 u ita u 035 $a10886586 040 $aPUL(R)$bita 041 1 $aita$hfre 100 1 $aGalbraith, John Kenneth,$d1908-$0(OLS)http://pul/name/14837 240 10$aTout sovoir - ou presque - sur l'économie.$lItaliano.$0(OLS)http://pul/title/76294 245 10$aSapere o quasi sull'economia /$cJohn Kenneth Galbraith ; traduzione di Massimo Parizzi. 260 $aMilano :$bMondadori,$c1993. 300 $a189 p. ;$c20 cm 490 1 $aSaggi ;$v77 504 $aBibliografia in nota. 650 4$aEconomia$xStudi.$0(OLS)http://pul/subject/19077 700 1 $aParizzi, Massimo.$0(OLS)http://pul/name/39913 830 0$aSaggi (Mondadori) ;$v77.$0(OLS)http://pul/title/26238 850 $aPUL 852 $aPUL$W1$xSL Religione 2$y84$mRH D3 196$j74679$nBK-PRI$b $qStampati altre collocazioni$B74679$CPULBib$Z2$F74679 $H $81 941 1 $a10 996 $6245$aSapere o quasi sull'economia$9(OLS)http://pul/title/76295 996 $6260$aMilano :$bMondadori$9(OLS)http://pul/publisher/50297 LEADER 01447nam a2200289 a 4500 001 000000133413 003 CaOOAMICUS 005 20130408134949.0 008 130408s2013 vc 001 0 ita r 020 $a978-88-465-0859-1 040 $aPUL$bita 100 1 $aWitaszek, Gabriel.$0(OLS)http://pul/name/80813 245 13$aLa famiglia. L'istituzione divina fondata sul matrimonio :$bdono divino e risposta umana /$cGabriel Witaszek. 260 $aCittą del Vaticano :$bLateran University Press,$c©2013$aRoma :$bEditiones Academiae Alfonsianae 300 $a201 p. ;$c22 cm. 490 1 $aSaggi per il nostro tempo ;$v24 504 $aInclude riferimenti bibliografici ed indice. 650 4$aFamiglia$xConcezione cristiana.$0(OLS)http://pul/subject/38788 830 0$aSaggi per il nostro tempo ;$v24.$0(OLS)http://pul/title/105422 850 $aPUL 852 $aPUL$W1$xSL Religione 2$y84$mTheol F5 24$j153325$qStampati Altre Collocazioni$B152884$CPULBib$Z2$F152884 $H122142 $82 941 1 $a10 996 $6020$a978-88-465-0859-1$9(OLS)http://pul/number/152300 996 $6245$aLa famiglia. L'istituzione divina fondata sul matrimonio :$bdono divino e risposta umana$9(OLS)http://pul/title/168593 996 $6260$aCittą del Vaticano :$bLateran University Press$9(OLS)http://pul/publisher/74585 996 $6260$aRoma :$bEditiones Academiae Alfonsianae$9(OLS)http://pul/publisher/82247